000 00293nam a22001217a 4500
999 _c13179
_d13179
020 _a9781683732556
082 _a616.891
100 _aLeslie Sokol & Marci G.Fox
245 _aCognitive Behavioral Therapy
260 _aUSA
_bPesi Publishing & Media
_c2019
300 _a242 pages
942 _cBK